000 00682nam a2200193 i 4500
001 35504
003 ES-MaACL
005 20230906155136.0
007 t|
008 030213s1981 sp ||||1| spa d
100 1 _aBosque Maurel, Joaquín.
_930700
245 1 0 _aPresente y futuro de la economía andaluza /
_cJoaquín Bosque Maurel, José Mª Casado Raigón, Rafael Illescas Ortiz.
260 _a[S.l. :
_bs.n.,
_c1981] (
_eCórdoba :
_fAyuntamiento de Córdoba)
300 _a63 p. ;
_c28 cm.
700 1 _aCasado Raigón, José María.
_936026
700 1 _aIllescas Ortiz, Rafael.
_965193
710 1 _aCórdoba.
_bAyuntamiento.
_93298
852 _aES-MaACL
_jL-1564
_bR.102199
999 _c35504
_d35504